NPB 日本シリーズ最後の投手/打者 - Statistics

General Stats
  • This quiz has been taken 17 times
  • The average score is 21 of 74
Answer Stats
Hint Answer % Correct
2013 田中将大 楽天
75%
2014 サファテ ソフトバンク
75%
2015 サファテ ソフトバンク
75%
2023 岩崎優 阪神
75%
2013 矢野謙次 巨人
69%
2024 柳田悠岐 ソフトバンク
69%
2007 岩瀬仁紀 中日
63%
2024 森原康平 横浜
63%
2025 松本裕樹 ソフトバンク
63%
2016 谷元圭介 日本ハム
56%
2014 西岡剛 阪神
56%
1998 佐々木主浩 横浜
50%
2017 川島慶三 ソフトバンク
50%
2018 森唯斗 ソフトバンク
50%
2019 森唯斗 ソフトバンク
50%
2020 森唯斗 ソフトバンク
50%
2021 マクガフ ヤクルト
50%
1993 高津臣吾 ヤクルト
44%
1995 高津臣吾 ヤクルト
44%
1997 高津臣吾 ヤクルト
44%
2001 高津臣吾 ヤクルト
44%
2003 和田毅 ダイエー
44%
2005 小林雅英 ロッテ
44%
2022 ワゲスパック オリックス
44%
2011 和田一浩 中日
44%
2008 グラマン 西武
38%
2009 クルーン 巨人
38%
2012 山口鉄也 巨人
38%
2016 菊池涼介 広島
38%
2019 坂本勇人 巨人
38%
2004 豊田清 西武
31%
2018 鈴木誠也 広島
31%
2023 杉本裕太郎 オリックス
31%
1991 工藤公康 西武
25%
1994 槙原寛己 巨人
25%
2011 攝津正 ソフトバンク
25%
2007 小谷野栄一 日本ハム
25%
2009 高橋信二 日本ハム
25%
2012 糸井嘉男 日本ハム
25%
2021 宗佑磨 オリックス
25%
2022 塩見泰隆 ヤクルト
25%
1996 鈴木平 オリックス
19%
1999 ペドラザ ダイエー
19%
2002 河原純一 巨人
19%
2010 伊藤義弘 ロッテ
19%
2005 藤本敦士 阪神
19%
2008 ラミレス 巨人
19%
1992 石井丈裕 西武
13%
1991 野村謙二郎 広島
13%
2017 三上朋也 横浜
13%
2025 高寺望夢 阪神
13%
1989 宮本和知 巨人
6%
2000 岡島秀樹 巨人
6%
1990 駒田徳広 巨人
6%
1992 ハウエル ヤクルト
6%
1995 ニール オリックス
6%
2000 ニエベス ダイエー
6%
2015 雄平 ヤクルト
6%
1990 塩崎哲也 西武
0%
1989 村上隆行 近鉄
0%
1993 鈴木健 西武
0%
1994 垣内哲也 西武
0%
1996 仁志敏久 巨人
0%
1997 大塚光二 西武
0%
1998 金村義明 西武
0%
1999 李鍾範 中日
0%
2001 藤井彰人 近鉄
0%
2002 エバンス 西武
0%
2003 沖原佳典 阪神
0%
2004 渡邉博幸 中日
0%
2006 アレックス 中日
0%
2010 藤井淳志 中日
0%
2020 亀井善行 巨人
0%
2006 MICHEAL 日本ハム
0%
No matching quizzes found
Score Distribution
Percent of People with Each Score
Percentile by Number Answered
Your Score History
You have not taken this quiz